000 00577nam a2200193 i 4500
001 65916
003 ES-MaACL
005 20230906165514.0
007 t|
008 040123s1978 sp ||||1| spa d
020 _a84-7142-180-1
080 _a82.08(02)
245 0 3 _aLa fuerza de las palabras :
_bcómo hablar y escribir para triunfar.
260 _aMadrid :
_bSelecciones del Reader's Digest,
_c[1978]
300 _a798 p. ;
_c25 cm.
650 4 _aLengua española-
_xGramática.
_914161
710 2 _aSelecciones del Reader's Digest.
_96545
852 4 _aES-MaACL
_jA-8338
999 _c65916
_d65916